000 00456cam a2200181ua 4500
020 _cRs.60/-
041 _aeng
_h
082 _a519.5163
_bPAN/ST
100 _aV.G. Panse, P.V. Sukhatme .
245 _aStatistical methods for agricultural workers /
_cV.G. Panse.
_hTextual Documents
260 _aDelhi :
_bICAR ,
_c1995.
300 _a359 ; .
365 _aRs.60/-
500 _a*CSS
504 _a
942 _cBK
999 _c11313
_d11313